Harry Potter Deaths Quiz Stats

 Plays Quiz not verified by Sporcle

Challenge
Share
Tweet
Embed
Score 0/20 Timer 07:00
0 Plays Today
Character Method of Death % Correct
Nagini???
89.8%
Albus Dumbledore???
78.8%
Dobby???
75.2%
Hedwig???
74.5%
Tom Riddle Jr???
73%
Barty Crouch Snr???
71.5%
Myrtle Warren???
63.5%
Aragog???
63.5%
Severus Snape???
58.4%
Fred Weasley???
55.5%
Character Method of Death % Correct
Regulus Black???
55.5%
Vincent Crabbe???
52.6%
Helena Ravenclaw???
50.4%
Peter Pettigrew???
49.6%
Bloody Baron???
43.8%
Sir Nicholas De Mimsy-Porpington???
41.6%
Sirius Black???
40.1%
Merope Gaunt???
39.4%
Hepzibah Smith???
35.8%
Pandora Lovegood???
14.6%

You're not logged in!

Compare scores with friends on all Sporcle quizzes.
Join for Free
OR
Log In

You Might Also Like...

Show Comments

Extras

Top Quizzes Today


Score Distribution

Your Account Isn't Verified!

In order to create a playlist on Sporcle, you need to verify the email address you used during registration. Go to your Sporcle Settings to finish the process.

Report this User

Report this user for behavior that violates our Community Guidelines.

Details: